| 000 | 00478nam a2200181Ia 4500 | ||
|---|---|---|---|
| 001 | 10879 | ||
| 005 | 20260306161904.0 | ||
| 008 | 260306t2007||||xx |||||||||||||| ||spa|| | ||
| 041 | _aESP | ||
| 082 |
_a980 _bL12 2007 |
||
| 100 |
_aMc Evoy, Carmen _eAUT |
||
| 245 | 0 |
_aLa república peregrina: _bhombres de armas y letras en América del Sur. 1800-1884 |
|
| 260 | _c2007 | ||
| 300 |
_a562 páginas : _c23 cm. |
||
| 650 | _aGEN | ||
| 654 | _aCHU | ||
| 942 |
_cLIB _dJUS _fJUS _2ddc _n |
||
| 999 |
_c10879 _d10879 |
||